Gaming Quiz

Random Gaming or Pokémon Quiz
Score 0/68 Timer 08:00
0 Plays Today
Pokedex No. Pokemon % Correct
#010Caterpie
100%
#013Weedle
98.5%
#011Metapod
98.5%
#014Kakuna
97.8%
#012Butterfree
97.8%
#015Beedrill
97.8%
#268Cascoon
94.8%
#046Paras
94.1%
#266Silcoon
94.1%
#267Beautifly
94.1%
#123Scyther
93.3%
#212Scizor
93.3%
#269Dustox
93.3%
#047Parasect
92.6%
#214Heracross
92.6%
#283Surskit
92.6%
#292Shedinja
92.6%
#048Venonat
91.9%
#127Pinsir
91.9%
#049Venomoth
91.1%
#265Wurmple
91.1%
#291Ninjask
91.1%
#413Wormadam (Plant Cloak)
89.6%
#413Wormadam (Sandy Cloak)
89.6%
#413Wormadam (Trash Cloak)
89.6%
#284Masquerain
88.9%
#290Nincada
88.9%
#412Burmy
88.1%
#414Mothim
87.4%
#167Spinarak
86.7%
#168Ariados
86.7%
#542Leavanny
86.7%
#636Larvesta
85.9%
#165Ledyba
85.2%
Pokedex No. Pokemon % Correct
#595Joltik
85.2%
#166Ledian
84.4%
#540Sewaddle
84.4%
#637Volcarona
84.4%
#649Genesect
83.7%
#541Swadloon
83%
#543Venipede
82.2%
#596Galvantula
82.2%
#204Pineco
81.5%
#205Forretress
81.5%
#544Whirlipede
81.5%
#545Scolipede
81.5%
#666Vivillon
81.5%
#632Durant
80.7%
#193Yanma
80%
#347Anorith
80%
#348Armaldo
80%
#664Scatterbug
80%
#558Crustle
79.3%
#213Shuckle
78.5%
#469Yanmega
77.8%
#665Spewpa
77.8%
#557Dwebble
76.3%
#415Combee
73.3%
#451Skorupi
73.3%
#589Escavalier
72.6%
#416Vespiquen
71.1%
#616Shelmet
70.4%
#313Volbeat
69.6%
#401Kricketot
69.6%
#402Kricketune
69.6%
#617Accelgor
69.6%
#314Illumise
68.9%
#588Karrablast
68.1%
Come Together.
Have Fun.
All Virtual.
We all need to come together. Play Sporcle's virtual live trivia to have fun, connect with people, and get your trivia on. Join a live hosted trivia game for your favorite pub trivia experience done virtually. If a virtual private party is more your thing, go here for details.

You're not logged in!

Compare scores with friends on all Sporcle quizzes.
OR
Log In

Sporcle TV

Today on Sporcle TV


Watch our educational content, quiz creation guides, and fun videos on Sporcle TV.

Show Comments

Extras

Top Quizzes Today


Score Distribution

Paid Content

Your Account Isn't Verified!

In order to create a playlist on Sporcle, you need to verify the email address you used during registration. Go to your Sporcle Settings to finish the process.

Report this User

Report this user for behavior that violates our Community Guidelines.

Details: